000 01016nam a22003497a 4500
001 0030084
003 KOHA_MİRAKIL
005 20260207002718.0
007 ta
008 110513b2007 tu |||gr||||#0|||0|tur |
020 _a9751939814
_cYTL8,1
040 _aTR-BiSEU
_btur
_cTR-BiSEU
_erda
041 0 _atur
044 _ctu
050 _aBL75
_b.Y26 2007
245 0 _aYaşayan dünya dinleri/
_cedt. Şinasi Gündüz.
250 _a2. bs.
264 1 _aAnkara :
_bDiyanet İşleri Başkanlığı Yay.
_c2007
300 _a280 s.
336 _ametin
_btxt
_2rdacontent
337 _aaracısız
_bn
_2rdamedia
338 _acilt
_bnc
_2rdacarrier
490 1 _aDiyanet İşleri Başkanlığı Yayınları ;
_v680.
490 1 _aİlmi Eserler Serisi ;
_v117.
500 _aDizin var.
500 _aKaynakça var.
650 0 _aDin.
_923404
830 1 _aDiyanet İşleri Başkanlığı Yayınları ;
_v680.
_930343
830 1 _aİlmi Eserler Serisi ;
_v117.
_912793
907 _aDin
942 _2lcc
_cBK
999 _c30004
_d30004